| 000 | 01091nam a22002897a 4500 | ||
|---|---|---|---|
| 999 |
_c4843 _d4843 |
||
| 003 | AR-CdUCM | ||
| 008 | 190311b ||||| |||| 00| 0 spa d | ||
| 040 |
_aMUNICIPALIDAD PROVINCIAL DEL CUSCO _cBIBLIOTECA MUNICIPAL DEL CUSCO |
||
| 082 |
_a869.5601/ _bY49 |
||
| 100 |
_aYépez de Fernán Zegarra, Martha Alicia _914911 |
||
| 245 |
_aHuellas literarias : _bnarraciones y poemas / |
||
| 260 |
_aPerú : _bSociedad pro cultura Clorinda Matto de Turner, _c2012. |
||
| 300 |
_a103 páginas ; _bretratos, _c26 cm. |
||
| 505 | _aContenido: Biografía de personajes. | ||
| 650 |
_aLiteratura Peruana _9132 |
||
| 650 |
_aPoesías Cusqueñas _96460 |
||
| 650 |
_aNarraciones Cusqueñas _914912 |
||
| 650 |
_aBiografía _922 |
||
| 700 |
_aNúñez de la Torre de Medina, Lucrecia _914913 |
||
| 700 |
_aLa Torre de Benavides, Aydeé _914914 |
||
| 700 |
_aCarreño de Abril Ferro, Esther _914915 |
||
| 700 |
_aAcevedo de Reinaga, Julia _914916 |
||
| 700 |
_aFlores de Flores Saldívar, Sofía _914917 |
||
| 700 |
_aVega de Pineda, Paula (coautoras) _914918 |
||
| 942 |
_2ddc _cLIBROS |
||
| 945 | _aachl | ||